000 00482nam a2200181Ia 4500
001 1194
005 20260306140614.0
008 260306t2007||||xx |||||||||||||| ||spa||
041 _aESP
082 _a189
_bG45
100 _aGilson, Étienne
_eAUT
245 0 _aLa filosofía en la edad media:
_bdesde los orígenes patrísticos, hasta el fin del Siglo XIV
260 _c2007
300 _a764 páginas :
_c23 cm.
650 _aGEN
654 _aCHU
942 _cLIB
_dJUS
_fJUS
_2ddc
_n
999 _c1194
_d1194